| 000 | 00670nam a2200229 a 4500 | ||
|---|---|---|---|
| 001 | 000027732 | ||
| 003 | DO-SdBNP | ||
| 005 | 20240313135413.0 | ||
| 007 | ta | ||
| 008 | 110404s200- dr r 000 0 spa d | ||
| 020 | _a9788418773594 | ||
| 040 |
_aDO-SdBNP _bspa _cBNPHU |
||
| 082 | 4 | _222 | |
| 100 | 1 |
_aCórdova, Cuqui, _d1929-2020 _954809 |
|
| 245 | 1 | 0 |
_a365 frases para una mente sana / _cDarwin Leonardo Vásquez Pérez |
| 246 | 1 | 0 | _aTrescientos sesenta y cinco frases para una mente sana |
| 260 |
_aSevilla, España : _bPunto Rojo Libros, _c200-. |
||
| 300 |
_a200 p. ; _c21 cm. |
||
| 590 | _aInventariado, 2022/BT | ||
| 910 | _aBtavárez | ||
| 942 |
_2ddc _cLBS1 |
||
| 999 |
_c27224 _d27224 |
||